デスノートに名前を書かれたキャラクター - Statistics

General Stats
  • This quiz has been taken 210 times
  • The average score is 4 of 12
Answers on the Grid
Answers color-coded by a green-red scale on the quiz's grid according to % correct below.
夜神月
夜神総一郎
夜神粧裕
相沢周市
松田桃太
宇生田広数
模木完造
L
メロ
ニア
ワタリ
レイ・ペンバー
南空ナオミ
ステファン・ジェバンニ
弥海砂
火口卿介
高田清美
出目川仁
渋井丸拓男
リンド・L・テイラー
 
Answer Stats
Answer % Correct
夜神月
87%
L
55%
渋井丸拓男
46%
リンド・L・テイラー
37%
レイ・ペンバー
33%
南空ナオミ
31%
ワタリ
30%
高田清美
30%
火口卿介
20%
出目川仁
18%
宇生田広数
16%
ニア
7%
No matching quizzes found
Score Distribution
Percent of People with Each Score
Percentile by Number Answered
Your Score History
You have not taken this quiz